000
00330nam a2200145Ia 4500
008
230718s9999 xx 000 0 und d
041
_a
Eng.
082
_a
343.54
_b
RIS-S
100
_a
Risvi,Hussain
245
0
_a
stamp act 1900
260
_a
Pakistan
_b
Manzoor book house
_c
2013
300
_a
152
650
_a
Law
999
_c
30352
_d
30352